<?xml version="1.0" encoding="UTF-8"?><?xml-stylesheet type="text/xsl" href="static/style.xsl"?><OAI-PMH xmlns="http://www.openarchives.org/OAI/2.0/" xmlns:xsi="http://www.w3.org/2001/XMLSchema-instance" xsi:schemaLocation="http://www.openarchives.org/OAI/2.0/ http://www.openarchives.org/OAI/2.0/OAI-PMH.xsd"><responseDate>2026-04-17T01:55:19Z</responseDate><request verb="GetRecord" identifier="oai:www.recercat.cat:2117/416627" metadataPrefix="marc">https://recercat.cat/oai/request</request><GetRecord><record><header><identifier>oai:recercat.cat:2117/416627</identifier><datestamp>2025-07-23T02:42:27Z</datestamp><setSpec>com_2072_1033</setSpec><setSpec>col_2072_452951</setSpec></header><metadata><record xmlns="http://www.loc.gov/MARC21/slim" xmlns:dcterms="http://purl.org/dc/terms/" xmlns:xsi="http://www.w3.org/2001/XMLSchema-instance" xmlns:doc="http://www.lyncode.com/xoai" xsi:schemaLocation="http://www.loc.gov/MARC21/slim http://www.loc.gov/standards/marcxml/schema/MARC21slim.xsd">
   <leader>00925njm 22002777a 4500</leader>
   <datafield ind2=" " ind1=" " tag="042">
      <subfield code="a">dc</subfield>
   </datafield>
   <datafield ind2=" " ind1=" " tag="720">
      <subfield code="a">Fernández Otálora, Guillem</subfield>
      <subfield code="e">author</subfield>
   </datafield>
   <datafield ind2=" " ind1=" " tag="260">
      <subfield code="c">2024-09-13</subfield>
   </datafield>
   <datafield ind2=" " ind1=" " tag="520">
      <subfield code="a">Una proposta arquitectònica que apareix en documents oficials, en plànols durant més d’una dècada de la ciutat, a la que se l’anomena quan s’elaboren llargues biografies dels autors, però el seu recorregut acadèmic és més aviat inexistent. Dos joves arquitectes acabats de graduar, Lluís Domènech i Montaner i Josep Vilaseca i Casanovas encaren un projecte de dimensions grandioses amb un concurs i un final tràgic.&#xd;
Aquest és el repte d’aquesta investigació. Elaborar una maqueta digital de com hagués estat aquesta obra de grans dimensions i d’important rellevància tant per la carrera dels autors com per a la metròpoli. Una arquitectura que fa de ròtula urbana i temporal entre dues etapes de la ciutat de Barcelona.</subfield>
   </datafield>
   <datafield ind2=" " ind1=" " tag="520">
      <subfield code="a">Una propuesta arquitectónica que aparece en varios documentos oficiales y en diversos mapas urbanos a lo largo de más de una década y es mencionada en innumerables registros biográficos, y sin embargo apenas se han realizado investigaciones académicas sobre ella, o éstas son casi inexistentes.&#xd;
Dos jóvenes arquitectos recién licenciados, Lluís Domènech i Montaner y Josep Vilaseca i Casanovas, se enfrentaron a un proyecto de concurso de increíble envergadura con un trágico desenlace.&#xd;
Esta investigación pretende dar respuesta a ese reto. Crear un modelo digital capaz de demostrar cómo se podría haber realizado esta trascendente propuesta, que tuvo relevantes consecuencias para las carreras de los autores y la metropoli. Esta obra arquitectónica sirve de rótula urbana y temporal entre dos épocas distintas de la ciudad de Barcelona.</subfield>
   </datafield>
   <datafield ind2=" " ind1=" " tag="520">
      <subfield code="a">An architectural proposal that appears in several official documents and various urban maps over more than a decade is mentioned in countless biographical records, yet little academic research has been conducted on it, or such research is almost nonexistent.&#xd;
Two recently graduated young architects, Lluís Domènech i Montaner and Josep Vilaseca i Casanovas, faced an incredibly large competition project with a tragic outcome.&#xd;
This research aims to address that challenge. To create a digital model capable of demonstrating how this significant proposal, which had tremendous consequences for the authors’ careers, might have been realized. This architectural work serves as both an urban and temporal joint between two distinct eras of the city of Barcelona.</subfield>
   </datafield>
   <datafield ind2=" " ind1=" " tag="520">
      <subfield code="a">Award-winning</subfield>
   </datafield>
   <datafield tag="653" ind2=" " ind1=" ">
      <subfield code="a">Àrees temàtiques de la UPC::Arquitectura::Tipologies d'edificis</subfield>
   </datafield>
   <datafield tag="653" ind2=" " ind1=" ">
      <subfield code="a">Àrees temàtiques de la UPC::Arquitectura::Sistemes de representació arquitectònica</subfield>
   </datafield>
   <datafield tag="653" ind2=" " ind1=" ">
      <subfield code="a">Domènech i Montaner, Lluís, 1849-1923 -- Criticism and interpretation</subfield>
   </datafield>
   <datafield tag="653" ind2=" " ind1=" ">
      <subfield code="a">Vilaseca i Casanovas, Josep, 1848-1910 -- Criticism and interpretation</subfield>
   </datafield>
   <datafield tag="653" ind2=" " ind1=" ">
      <subfield code="a">Art nouveau (Architecture) -- Spain -- Barcelona</subfield>
   </datafield>
   <datafield tag="653" ind2=" " ind1=" ">
      <subfield code="a">Architectural rendering -- Spain -- Barcelona</subfield>
   </datafield>
   <datafield tag="653" ind2=" " ind1=" ">
      <subfield code="a">Three-dimensional imaging -- Spain -- Barcelona</subfield>
   </datafield>
   <datafield tag="653" ind2=" " ind1=" ">
      <subfield code="a">Public buildings -- Spain -- Barcelona</subfield>
   </datafield>
   <datafield tag="653" ind2=" " ind1=" ">
      <subfield code="a">Lluis Domènech Montaner</subfield>
   </datafield>
   <datafield tag="653" ind2=" " ind1=" ">
      <subfield code="a">Concurs</subfield>
   </datafield>
   <datafield tag="653" ind2=" " ind1=" ">
      <subfield code="a">Institucions Provincials</subfield>
   </datafield>
   <datafield tag="653" ind2=" " ind1=" ">
      <subfield code="a">Model 3D</subfield>
   </datafield>
   <datafield tag="653" ind2=" " ind1=" ">
      <subfield code="a">Josep Vilaseca Casanovas</subfield>
   </datafield>
   <datafield tag="653" ind2=" " ind1=" ">
      <subfield code="a">Domènech i Montaner, Lluís, 1849-1923 -- Crítica i interpretació</subfield>
   </datafield>
   <datafield tag="653" ind2=" " ind1=" ">
      <subfield code="a">Vilaseca i Casanovas, Josep, 1848-1910 -- Crítica i interpretació</subfield>
   </datafield>
   <datafield tag="653" ind2=" " ind1=" ">
      <subfield code="a">Modernisme (Arquitectura) -- Catalunya -- Barcelona</subfield>
   </datafield>
   <datafield tag="653" ind2=" " ind1=" ">
      <subfield code="a">Representació arquitectònica -- Catalunya -- Barcelona</subfield>
   </datafield>
   <datafield tag="653" ind2=" " ind1=" ">
      <subfield code="a">Imatgeria tridimensional -- Catalunya -- Barcelona</subfield>
   </datafield>
   <datafield tag="653" ind2=" " ind1=" ">
      <subfield code="a">Edificis públics -- Catalunya -- Barcelona</subfield>
   </datafield>
   <datafield ind2="0" ind1="0" tag="245">
      <subfield code="a">Construcció d'un model 3D de les Institucions Provincials de Lluis Domènech i Montaner i Josep Vilaseca i Casanovas</subfield>
   </datafield>
</record></metadata></record></GetRecord></OAI-PMH>